Evaluación de Proyectos

Na minha lista:
Detalhes bibliográficos
Autor principal: Baca Urbina, Gabriel (Autor)
Formato: Livro
Idioma:espanhol
Publicado em: Ciudad de México McGraw-Hill 2001
Edição:4a. ed
Assuntos:
Tags: Adicionar Tag
Sem tags, seja o primeiro a adicionar uma tag!

MARC

LEADER 00000nam a2200000 a 4500
001 UCM6026
003 CL-VaPUC
008 021025e20010000MX |||||||||||||||||spa|d
020 |a 970103001X 
082 0 4 |a 658.404  |b BAC  |2 21 
100 0 |a Baca Urbina, Gabriel  |e author  |9 472021 
245 1 0 |a Evaluación de Proyectos 
250 |a 4a. ed 
300 |a 383 p 
942 |c BK 
945 |d 20021025 00:00:00  |a cmena 
260 |a Ciudad de México  |b McGraw-Hill  |c 2001 
650 7 |a EVALUACION ECONOMICA  |2 CL-VaPUC  |9 306196 
650 0 |a Gestión de proyectos  |9 260970 
650 0 |a Planificación estratégica   |9 259735 
650 0 |a Toma de decisiones   |9 257530 
650 7 |a EVALUACION DEL MERCADO  |2 CL-VaPUC  |9 347972 
583 |a last modification  |c 20021025 00:00:00  |k Rodrigo Vera 
999 |c 301692  |d 301690 
952 |0 0  |1 0  |4 0  |6 658_404000000000000_BAC_2001  |7 0  |8 R  |9 361179  |a BIBENE  |b BIBENE  |d 2019-11-21  |i 3853608  |o 658.404 BAC 2001  |p 3853608  |r 2025-01-15  |w 2019-11-21  |y BK_R  |k ICO 
952 |0 0  |1 0  |4 0  |6 658_404000000000000_BAC_2001  |7 0  |8 R  |9 361180  |a BIBENE  |b BIBENE  |d 2019-11-21  |i 3853616  |o 658.404 BAC 2001  |p 3853616  |r 2025-01-15  |w 2019-11-21  |y BK_R  |k ICO 
952 |0 0  |1 0  |4 0  |6 658_404000000000000_BAC_2001  |7 0  |8 A  |9 361181  |a BIBALI  |b BIBALI  |c RES  |d 2019-11-21  |i 3856577  |o 658.404 BAC 2001  |p 3856577  |r 2025-01-20  |w 2019-11-21  |y BK_R  |k ALI 
952 |0 0  |1 0  |4 0  |6 658_404000000000000_BAC_2001  |7 0  |8 A  |9 361183  |a BIBING  |b BIBING  |d 2019-11-21  |i 4022572  |o 658.404 BAC 2001  |p 4022572  |r 2025-01-20  |w 2019-11-21  |y BK  |k CCL 
952 |0 0  |1 0  |2 ddc  |4 0  |6 658_404000000000000_BAC_2001  |7 0  |8 R  |9 361184  |a BIBMEC  |b BIBMEC  |d 2019-11-21  |i 4072480  |o 658.404 BAC 2001  |p 4072480  |r 2024-07-03  |w 2019-11-21  |y BK_P  |k MEC 
952 |0 0  |1 0  |4 0  |6 658_404000000000000_BAC_2001  |7 0  |8 R  |9 361185  |a BIBGIM  |b BIBGIM  |d 2019-11-21  |i 4191188  |o 658.404 BAC 2001  |p 4191188  |r 2025-01-15  |w 2019-11-21  |y BK_R  |k COM